| 000 | 00729nac a22002291u 4500 | ||
|---|---|---|---|
| 008 | 100901t xxu||||| |||| 00| 0 eng d | ||
| 010 | _a2002035453 | ||
| 020 | _a0071278524 | ||
| 020 | _a978007127852 | ||
| 082 | 0 | 0 |
_a621.811 _bNOR _222 |
| 100 |
_aNorton, Robert L. _92640 |
||
| 245 | 1 | 0 |
_aKinematics and Dynamics of Machinery / _cRobert l. Norton |
| 260 |
_aNew York : _bMcGraw- Hill؛ _cc2009. |
||
| 300 |
_aviiixx, 784 p. : _bill. ; _c24 cm. |
||
| 500 | _aIncludes index. | ||
| 541 | _aBakka؛ | ||
| 650 | 0 |
_aMachinery, Kinematics of. _917781 |
|
| 650 | 0 |
_aMachinery, Dynamics of. _917782 |
|
| 653 |
_bMec _cOctober2011 |
||
| 700 | 1 |
_aSadler, J. Peter. _917783 |
|
| 942 |
_cBB _k621.811NOR _2ddc |
||
| 999 |
_c14736 _d14736 |
||